000 00732nam a22001937a 4500
999 _c57553
_d57553
005 20221105210525.0
008 200728s2018 enk||||| |||| 00| 0 eng d
020 _a9781982964818 1
041 _aeng
080 _a616-073 A-54
100 _a Andersson, David
_99068
245 _aFluids and Electrolytes:
_bA Thorough Guide covering Fluids, Electrolytes and Acid-Base Balance of the Human Body
_c David Andersson.
264 _aMiddletown:
_bIndependently published,
_c2018.
300 _a154 pages
_b23 cm.
653 _a სითხეები და ელექტროლიტები
653 _aმედიცინა
653 _aსითხის ელექტროლიტები
942 _2udc
_cBK